01013cam a2200289 i 4500001000700000003000400007005001700011008004100028010001700069020003200086020001500118040001800133043001200151050002100163082002200184245008400206260004500290300002500335490005600360504005100416651005000467651004400517651003700561700002100598700002300619830008100642409794OSt20230620155319.0800613s1981 cou b 001 0 eng  a 80018298  a0865310386 :c$24.00 (est.) a0865311919 aDLCcDLCdDLC ai------00aDS341b.I53 198100a327/.09182/4bBON04aThe Indian Ocean in global politics /cedited by Larry W. Bowman and Ian Clark. aBoulder, Colo. :bWestview Press,c1981. axi, 260 p. ;c24 cm.1 aWestview special studies in international relations aIncludes bibliographical references and index. 0aIndian Ocean RegionxPolitics and government. 0aIndian Ocean RegionxForeign relations. 0aIndian OceanxStrategic aspects.1 aBowman, Larry W.1 aClark, Ian,d1949- 0aWestview special studies on international relations and U.S. foreign policy.